[Event "Niederbayernliga 1011"]
[Site "Germany"]
[Date "2010.10.24"]
[Round "2.6"]
[White "Orzol, Werner"]
[Black "Eichinger, Hans"]
[Result "0-1"]
[WhiteElo "1647"]
[BlackElo "1856"]
[PlyCount "110"]
[EventDate "2010.10.10"]
[EventType "team-tourn"]
[EventRounds "9"]
[EventCountry "GER"]
[SourceTitle "EXT 2012"]
[Source "ChessBase"]
[SourceDate "2011.11.24"]
[SourceVersion "1"]
[SourceVersionDate "2011.11.24"]
[SourceQuality "1"]
[WhiteTeam "Bayerwald"]
[BlackTeam "Rottal II"]
[WhiteTeamCountry "GER"]
[BlackTeamCountry "GER"]

1. e4 c5 2. Nf3 e6 3. d4 cxd4 4. Nxd4 a6 5. Nc3 Qc7 6. Be2 b5 7. Bd3 Bb7 8. Nf3 Nc6 9. 0-0 Nf6 10. Re1 Bc5 11. Be3 Bd6 12. h3 Ne5 13. Rc1 Nxf3+ 14. gxf3 0-0 15. f4 Bxf4 16. f3 Bxe3+ 17. Rxe3 Qg3+ 18. Kf1 Nh5 19. Ne2 Qxh3+ 20. Ke1 Qh4+ 21. Kd2 Nf4 22. Qg1 Nxe2 23. Kxe2 d5 24. Kd1 Rad8 25. e5 d4 26. Re4 Bxe4 27. Bxe4 g6 28. Ke2 Qf4 29. Re1 Qxe5 30. Kd1 Qf4 31. Qg2 Rc8 32. Rh1 Rc5 33. Qf2 Qe3 34. Qg2 Rg5 35. Qf1 f5 36. Bb7 Rd8 37. Bxa6 d3 38. Qe1 Qxe1+ 39. Rxe1 dxc2+ 40. Kxc2 Rg2+ 41. Kc3 Rdd2 42. Bxb5 Rc2+ 43. Kd3 Rgd2+ 44. Ke3 e5 45. b4 Rd4 46. Be2 Rxb4 47. Kd3 Rxa2 48. Kc3 Raa4 49. Rd1 Rd4 50. Rb1 Ra3+ 51. Kb2 Re3 52. Bd1 Kg7 53. Kc2 Re1 54. Ra1 h5 55. Rb1 h4 0-1

[Event "Niederbayernliga 0809"]
[Site "Germany"]
[Date "2009.01.18"]
[Round "5.6"]
[White "Haselbeck, Franz"]
[Black "Orzol, Werner"]
[Result "1-0"]
[WhiteElo "1907"]
[BlackElo "1671"]
[PlyCount "53"]
[EventDate "2008.10.05"]
[EventType "team-tourn"]
[EventRounds "9"]
[EventCountry "GER"]
[SourceTitle "EXT 2010"]
[Source "ChessBase"]
[SourceDate "2010.11.25"]
[SourceVersion "1"]
[SourceVersionDate "2010.11.25"]
[SourceQuality "1"]
[WhiteTeam "Deggendorf"]
[BlackTeam "Bayerwald"]
[WhiteTeamCountry "GER"]
[BlackTeamCountry "GER"]

1. Nf3 Nf6 2. g3 d5 3. d3 Nc6 4. Nbd2 e5 5. e4 dxe4 6. dxe4 a6 7. Bg2 h6 8. 0-0 Be6 9. c3 Be7 10. Qe2 Bc5 11. Nc4 Nd7 12. Rd1 Qe7 13. Ne3 0-0 14. Nd5 Qd8 15. Nh4 Be7 16. Nf5 Bxf5 17. exf5 Bd6 18. Be3 Nf6 19. Rd2 Nxd5 20. Bxd5 Qf6 21. Qf3 Be7 22. Rad1 Rad8 23. Qh5 Kh7 24. h4 Rd7 25. f3 Rdd8 26. Bg5 Qxf5 27. Be4 1-0

[Event "Niederbayernliga 0809"]
[Site "Germany"]
[Date "2008.10.05"]
[Round "1.6"]
[White "Orzol, Werner"]
[Black "Ebner, Johannes"]
[Result "0-1"]
[WhiteElo "1671"]
[BlackElo "1752"]
[PlyCount "168"]
[EventDate "2008.10.05"]
[EventType "team-tourn"]
[EventRounds "9"]
[EventCountry "GER"]
[SourceTitle "EXT 2010"]
[Source "ChessBase"]
[SourceDate "2010.11.25"]
[SourceVersion "1"]
[SourceVersionDate "2010.11.25"]
[SourceQuality "1"]
[WhiteTeam "Bayerwald"]
[BlackTeam "Grafenau"]
[WhiteTeamCountry "GER"]
[BlackTeamCountry "GER"]

1. e4 c5 2. Nf3 Nc6 3. d4 cxd4 4. Nxd4 e6 5. a3 Nf6 6. Nc3 Be7 7. Be2 0-0 8. 0-0 Qb6 9. Nb3 a6 10. Bf4 e5 11. Be3 Qc7 12. Re1 d6 13. h3 Be6 14. Nd5 Bxd5 15. exd5 Na5 16. Nxa5 Qxa5 17. c4 Rac8 18. Qb3 Qc7 19. Rec1 Nd7 20. Qd1 f5 21. b4 f4 22. Bd2 Qb6 23. a4 Nf6 24. Be1 g6 25. a5 Qa7 26. Qb3 h5 27. Kf1 g5 28. Qc2 Kg7 29. f3 Nxd5 30. Bf2 Ne3+ 31. Bxe3 Qxe3 32. Rab1 g4 33. Rb3 Qa7 34. fxg4 hxg4 35. Bxg4 Rc7 36. Qe4 Bh4 37. Rc2 b6 38. axb6 Qxb6 39. Bf3 Rfc8 40. Rbb2 Bg3 41. Bg4 Rf8 42. Bf3 Kf6 43. Ke2 Rxc4 44. Rxc4 Qf2+ 45. Kd1 Qxb2 46. Qc2 Qa1+ 47. Qc1 Qa4+ 48. Qc2 Qb5 49. Bh5 Qd5+ 50. Kc1 Rg8 51. Bg4 Rg5 52. Bf3 Qb5 53. Qd3 Qd7 54. Rc6 Ke7 55. Rxa6 Rg7 56. Bc6 Qe6 57. Bd5 Qh6 58. Bf3 Rg8 59. Ra7+ Kf8 60. Qd5 Qg6 61. Qa8+ Qe8 62. Qe4 Qc8+ 63. Kb2 Qe6 64. Bg4 Qg6 65. Bf5 Qh5 66. Bg4 Qg6 67. Qc6 e4 68. Ra8+ Kg7 69. Qd7+ Kh8 70. Rxg8+ Kxg8 71. Be6+ Kh8 72. Qxd6 Qg7+ 73. Kc2 f3 74. Qd8+ Kh7 75. Bf5+ Kh6 76. Qd2+ Kh5 77. Bxe4 Qc7+ 78. Kb1 f2 79. Qe2+ Kh6 80. Bd3 Qd6 81. Qd2+ Kg7 82. Qg5+ Kf8 83. Qf5+ Kg7 84. Qg5+ Kf8 0-1

[Event "Niederbayern-ch Seniors 45th"]
[Site "Regen"]
[Date "2004.??.??"]
[Round "2"]
[White "Breitfuss, Joachim"]
[Black "Orzol, Werner"]
[Result "0-1"]
[WhiteElo "1366"]
[BlackElo "1616"]
[PlyCount "96"]
[EventDate "2004.04.13"]
[EventType "swiss"]
[EventRounds "7"]
[EventCountry "GER"]
[SourceTitle "EXT 2006"]
[Source "ChessBase"]
[SourceDate "2005.11.24"]
[SourceVersion "1"]
[SourceVersionDate "2005.11.24"]
[SourceQuality "1"]

1. d4 d5 2. c4 dxc4 3. Nf3 e6 4. e3 Nf6 5. Bxc4 Bd6 6. 0-0 b6 7. Nc3 Bb7 8. Qe2 Ne4 9. Nxe4 Bxe4 10. b3 Qf6 11. Bb2 Bxf3 12. Qxf3 Qxf3 13. gxf3 c6 14. e4 b5 15. Bd3 a5 16. e5 Be7 17. Rac1 Kd7 18. Kh1 g5 19. Rg1 Rf8 20. Bxh7 Na6 21. Be4 Rac8 22. a3 Nb8 23. Rc2 Rh8 24. Bc1 Rh5 25. f4 gxf4 26. Bxf4 Bxa3 27. f3 Rhh8 28. Rg7 Rcf8 29. Bd2 b4 30. Rc5 Kc7 31. Bg6 Na6 32. Rc2 Kb6 33. Bg5 fxg6 34. Bf6 Rhg8 35. Rd7 Nb8 36. Rd6 Re8 37. Bg5 Rg7 38. Be3 Kb7 39. Rc5 Rd7 40. Rxd7+ Nxd7 41. Rxa5 Ra8 42. Rxa8 Kxa8 43. Kg2 Kb7 44. Kg3 Kc8 45. Kg4 Kd8 46. Bh6 Ke7 47. Kg5 Kf7 48. h4 Bc1+ 0-1

[Event "Niederbayern-ch Seniors 45th"]
[Site "Regen"]
[Date "2004.??.??"]
[Round "6"]
[White "Orzol, Werner"]
[Black "Bilyavskyy, Borys"]
[Result "0-1"]
[WhiteElo "1616"]
[BlackElo "1816"]
[PlyCount "66"]
[EventDate "2004.04.13"]
[EventType "swiss"]
[EventRounds "7"]
[EventCountry "GER"]
[SourceTitle "EXT 2006"]
[Source "ChessBase"]
[SourceDate "2005.11.24"]
[SourceVersion "1"]
[SourceVersionDate "2005.11.24"]
[SourceQuality "1"]

1. e4 c5 2. Nc3 d6 3. h3 Nf6 4. Nge2 e5 5. d3 Be7 6. Nd5 Nxd5 7. exd5 Nd7 8. c4 Nf6 9. Ng3 0-0 10. Bd2 Bd7 11. Be2 a6 12. 0-0 Ne8 13. Bf3 f5 14. Rb1 a5 15. a4 Nc7 16. b3 Bg5 17. Qc1 Bxd2 18. Qxd2 b6 19. Rfe1 Rb8 20. Rbc1 Qh4 21. Kf1 Na6 22. Kg1 Rf6 23. Kh2 Rh6 24. Kg1 Rf8 25. Kf1 Nb4 26. Rc3 g5 27. Qd1 g4 28. Be2 gxh3 29. gxh3 Qxh3+ 30. Kg1 Qh2+ 31. Kf1 f4 32. Bf3 fxg3 33. fxg3 Bh3# 0-1

[Event "Niederbayern-ch Seniors 45th"]
[Site "Regen"]
[Date "2004.??.??"]
[Round "1"]
[White "Orzol, Werner"]
[Black "Koenigl, Anton"]
[Result "0-1"]
[WhiteElo "1616"]
[BlackElo "1808"]
[PlyCount "84"]
[EventDate "2004.04.13"]
[EventType "swiss"]
[EventRounds "7"]
[EventCountry "GER"]
[SourceTitle "EXT 2006"]
[Source "ChessBase"]
[SourceDate "2005.11.24"]
[SourceVersion "1"]
[SourceVersionDate "2005.11.24"]
[SourceQuality "1"]

1. e4 d5 2. exd5 Qxd5 3. Nc3 Qa5 4. Nf3 Nf6 5. Be2 Bg4 6. h3 Bh5 7. 0-0 e6 8. a3 c6 9. Re1 Bd6 10. d4 0-0 11. Ne5 Bxe2 12. Qxe2 Qc7 13. b4 Nbd7 14. Na4 Rad8 15. Bg5 Be7 16. Bf4 Nd5 17. Bg3 Nxe5 18. dxe5 b5 19. Nb2 Bg5 20. Nd1 a6 21. c4 Nb6 22. f4 Be7 23. c5 Nc4 24. Nc3 Rd2 25. Qf1 Qd7 26. Bf2 f5 27. a4 Rd8 28. axb5 axb5 29. Red1 g5 30. g3 Nb2 31. Rxd2 Qxd2 32. Qc1 Qxc1+ 33. Rxc1 Nd3 34. Rd1 gxf4 35. gxf4 Nxf4 36. Rxd8+ Bxd8 37. Be1 Nxh3+ 38. Kh2 Nf4 39. Nd1 Nd3 40. Bc3 Bc7 41. Nb2 Nxe5 42. Kg2 Kf7 0-1

[Event "Niederbayern-ch Seniors 45th"]
[Site "Regen"]
[Date "2004.??.??"]
[Round "4"]
[White "Orzol, Werner"]
[Black "Rohrbach, Hans Guenther"]
[Result "1-0"]
[WhiteElo "1616"]
[BlackElo "1368"]
[PlyCount "69"]
[EventDate "2004.04.13"]
[EventType "swiss"]
[EventRounds "7"]
[EventCountry "GER"]
[SourceTitle "EXT 2006"]
[Source "ChessBase"]
[SourceDate "2005.11.24"]
[SourceVersion "1"]
[SourceVersionDate "2005.11.24"]
[SourceQuality "1"]

1. e4 e5 2. Nf3 Nc6 3. Bb5 Nd4 4. Bc4 Nxf3+ 5. Qxf3 Nf6 6. d3 d6 7. h3 Qe7 8. Nc3 Be6 9. Bb3 c6 10. Be3 0-0-0 11. Bxa7 g5 12. Bxe6+ Qxe6 13. Bb6 Re8 14. 0-0-0 g4 15. hxg4 Nxg4 16. Kb1 h5 17. Ne2 c5 18. Nc3 Kd7 19. Nd5 Kc6 20. d4 exd4 21. Qb3 Qxe4 22. Qa4+ Kxd5 23. f3 Qe5 24. fxg4 Bg7 25. c4+ Ke6 26. Rde1 Ra8 27. Rxe5+ Bxe5 28. Qb3 h4 29. a4 f6 30. a5 Rag8 31. Qf3 Rg5 32. Qd5+ Ke7 33. Qxb7+ Kf8 34. a6 Rg7 35. Qe4 1-0